[Event "4NCL Online Division 2"]
[Site "online"]
[Date "2020.10.06"]
[Round "4.71"]
[White "Yeo, Gareth"]
[Black "Burrows, Martin P"]
[Result "1-0"]
[WhiteElo "1980"]
[BlackElo "2125"]
[PlyCount "109"]
[EventDate "2020.10.06"]
[WhiteTeam "West is Best B"]
[BlackTeam "Wigston 1"]

1. d4 Nf6 2. c4 e6 3. Nc3 Bb4 4. f3 d5 5. a3 Bxc3+ 6. bxc3 c5 7. cxd5 Nxd5 8.
dxc5 Qa5 9. e4 Ne7 10. Be3 O-O 11. Qb3 Qc7 12. Bb5 Nec6 13. Ne2 Na5 14. Qb4 e5
15. O-O Na6 16. Bxa6 bxa6 17. Rad1 Be6 18. Rd5 Rab8 19. Qa4 Rb2 20. Re1 Rfb8
21. c4 h6 22. Bf2 Rb1 23. Nc1 Kh7 24. h3 R8b2 25. Nd3 Rxe1+ 26. Bxe1 Rb1 27.
Kh2 Rxe1 28. Nxe1 Bxd5 29. cxd5 Qxc5 30. Nd3 Qe3 31. Qc2 Nb7 32. Qc4 f6 33.
Qxa6 Nd6 34. Qxd6 Qxd3 35. Qe6 Qd2 36. Qf5+ Kg8 37. a4 a5 38. h4 Kf8 39. Qe6
Qf4+ 40. Kh3 g5 41. Qg4 Qc1 42. Kh2 Qd2 43. hxg5 hxg5 44. Qf5 Kg7 45. Kh3 Qe1
46. g3 Qd1 47. Qd7+ Kg6 48. Qe8+ Kg7 49. Kg4 Qd3 50. Qe7+ Kg6 51. Qe6 Qb3 52.
Qf5+ Kg7 53. d6 Qxa4 54. Qe6 Kg6 55. d7 1-0

[Event "4NCL Online Division 2"]
[Site "online"]
[Date "2020.10.06"]
[Round "4.72"]
[White "Horspool, Philip J"]
[Black "Richardt, Mike"]
[Result "0-1"]
[WhiteElo "2065"]
[BlackElo "2027"]
[PlyCount "98"]
[EventDate "2020.10.06"]
[WhiteTeam "Wigston 1"]
[BlackTeam "West is Best B"]

1. e4 e5 2. Nf3 d6 3. d4 exd4 4. Qxd4 Nf6 5. Nc3 Nc6 6. Bb5 Be7 7. O-O O-O 8.
Bxc6 bxc6 9. h3 Re8 10. Re1 Nd7 11. Bf4 Bf8 12. Rad1 Nc5 13. Bg5 Be7 14. Bxe7
Qxe7 15. Qe3 Bd7 16. Nd4 Qh4 17. Nf3 Qe7 18. Nd4 Qh4 19. Nf3 Qf6 20. e5 Qg6 21.
Qg5 Qxg5 22. Nxg5 d5 23. Nf3 Ne6 24. Ne2 Rab8 25. b3 Rbd8 26. b4 a5 27. c3 axb4
28. cxb4 Ra8 29. Rd2 Ra3 30. Ned4 Rb8 31. Rb1 c5 32. Nxe6 Bxe6 33. Rc1 c4 34.
Nd4 g6 35. b5 Kf8 36. Rcc2 Ke8 37. f3 h5 38. Kf2 h4 39. f4 Kd7 40. Nc6 Rxb5 41.
Rxc4 Rb2 42. Rxb2 dxc4 43. Nd4 c3 44. Rc2 Rxa2 45. Rxa2 Bxa2 46. Ke3 Bd5 47.
Nf3 Bxf3 48. gxf3 Ke6 49. Kd3 Kf5 0-1

[Event "4NCL Online Division 2"]
[Site "online"]
[Date "2020.10.06"]
[Round "4.73"]
[White "Taylor, William J"]
[Black "Morley, Andrew J"]
[Result "1-0"]
[WhiteElo "1959"]
[BlackElo "2057"]
[PlyCount "113"]
[EventDate "2020.10.06"]
[WhiteTeam "West is Best B"]
[BlackTeam "Wigston 1"]

1. e4 c5 2. Nf3 Nc6 3. d4 cxd4 4. Nxd4 e5 5. Nb5 a6 6. Nd6+ Bxd6 7. Qxd6 Qf6 8.
Qd1 Qg6 9. Nc3 d5 10. Nxd5 Qxe4+ 11. Be3 Nd4 12. Nc7+ Ke7 13. Rc1 Bg4 14. Qd3
Qxd3 15. Bxd3 Rd8 16. h3 Bh5 17. f4 f6 18. Kf2 Rd7 19. c3 Nc6 20. Bc5+ Kd8 21.
Ne6+ Kc8 22. Be2 Bxe2 23. Kxe2 Nge7 24. Rhd1 Nd5 25. f5 Re8 26. Kf2 g6 27. c4
Nc7 28. Rxd7 Kxd7 29. Nf8+ Kc8 30. Nxh7 gxf5 31. Nxf6 Rd8 32. Ke2 Ne6 33. Bb6
Nf4+ 34. Kf1 Rd6 35. Ne8 Rg6 36. Rd1 Nxg2 37. Nd6+ Kb8 38. Nxf5 Nf4 39. Rd7
Nxh3 40. Nd6 Rg1+ 41. Ke2 Nf4+ 42. Kf3 Rf1+ 43. Kg4 Ne6 44. Rxb7+ Ka8 45. Rh7
Rf4+ 46. Kg3 Rf8 47. a3 Rg8+ 48. Kf2 Rb8 49. c5 Ned4 50. b4 Rf8+ 51. Rf7 Rh8
52. a4 Rh2+ 53. Kg3 Rh8 54. b5 axb5 55. axb5 Ne2+ 56. Kf2 Rh2+ 57. Ke3 1-0

[Event "4NCL Online Division 2"]
[Site "online"]
[Date "2020.10.06"]
[Round "4.74"]
[White "Turner, Lewis A"]
[Black "Pinto, Celso Bettencourt"]
[Result "1-0"]
[WhiteElo "1862"]
[BlackElo "1813"]
[PlyCount "62"]
[EventDate "2020.10.06"]
[WhiteTeam "Wigston 1"]
[BlackTeam "West is Best B"]

1. c4 e5 2. Nc3 Nc6 3. g3 f5 4. Bg2 Nf6 5. d3 Bb4 6. e4 fxe4 7. dxe4 d6 8. Nge2
Be6 9. b3 O-O 10. O-O Bc5 11. h3 Qd7 12. Kh2 Nh5 13. f4 g6 14. Nd5 Rae8 15. Bb2
a5 16. g4 Nxf4 17. Nexf4 exf4 18. Nf6+ Rxf6 19. Bxf6 Be3 20. Bb2 Qe7 21. Qd3
Qh4 22. Rae1 h5 23. Rxe3 fxe3 24. Bf6 g5 25. e5 Bf7 26. Bd5 Re6 27. Bxe6 Bxe6
28. Qg6+ Kf8 29. Bxg5+ Qf2+ 30. Rxf2+ exf2 31. Qf6+ Bf7 1-0

[Event "4NCL Online Division 2"]
[Site "online"]
[Date "2020.10.06"]
[Round "4.81"]
[White "Crowther, Mark D"]
[Black "Goldberg, Jeff A"]
[Result "1/2-1/2"]
[WhiteElo "2117"]
[BlackElo "2154"]
[PlyCount "75"]
[EventDate "2020.10.06"]
[WhiteTeam "Bradford DCA Knights A"]
[BlackTeam "Anglia Avengers 2"]

1. e4 c6 2. Nc3 d5 3. Nf3 dxe4 4. Nxe4 Nf6 5. Qe2 Nxe4 6. Qxe4 Be6 7. c4 Nd7 8.
d4 Nf6 9. Qf4 Qa5+ 10. Bd2 Qf5 11. Be2 Qxf4 12. Bxf4 Bg4 13. h3 Bh5 14. O-O e6
15. a3 Be7 16. Rfe1 O-O 17. g4 Bg6 18. Ne5 Rfd8 19. Nxg6 hxg6 20. Rad1 Rd7 21.
Bf3 Rad8 22. Be3 Kf8 23. Kg2 Bd6 24. Re2 Bc7 25. Red2 a6 26. b4 Ke7 27. a4 Bb6
28. Kf1 Ba7 29. Ke2 Bb6 30. Bg2 Ba7 31. Rd3 Bb8 32. Bc1 Ba7 33. Bb2 Bb6 34. Bc3
Ba7 35. Bf3 Bb6 36. Bg2 Ba7 37. Bf3 Bb6 38. Bg2 1/2-1/2

[Event "4NCL Online Division 2"]
[Site "online"]
[Date "2020.10.06"]
[Round "4.83"]
[White "Ther, Mate"]
[Black "Moore, Geoffrey R"]
[Result "1-0"]
[WhiteElo "1964"]
[BlackElo "2057"]
[PlyCount "121"]
[EventDate "2020.10.06"]
[WhiteTeam "Bradford DCA Knights A"]
[BlackTeam "Anglia Avengers 2"]

1. e4 e5 2. Nf3 Nc6 3. Nc3 Nf6 4. Bb5 Bb4 5. O-O O-O 6. d3 Bxc3 7. bxc3 d6 8.
Bg5 Qe7 9. Re1 a6 10. Ba4 Nd8 11. d4 Ne6 12. Bc1 b5 13. Bb3 Bb7 14. Qd3 c5 15.
Bxe6 Qxe6 16. d5 Qd7 17. Bg5 Ne8 18. Nh4 f6 19. Bd2 g6 20. c4 bxc4 21. Qxc4 Qg4
22. Nf3 Ng7 23. Rab1 Rf7 24. h3 Qd7 25. Rb6 Ne8 26. Reb1 Bc8 27. Ba5 h6 28.
R1b3 Kh7 29. Bd2 f5 30. exf5 Qxf5 31. Qh4 Qh5 32. Qxh5 gxh5 33. Nh4 Raa7 34. c4
Rab7 35. Rxb7 Rxb7 36. Rxb7+ Bxb7 37. Nf5 Bc8 38. Ne7 Bd7 39. f4 Kg7 40. fxe5
dxe5 41. Nc6 Bxc6 42. dxc6 Nd6 43. c7 Kf7 44. Be3 Ke6 45. Bxc5 Nc8 46. Be3 Kd7
47. Bxh6 Kxc7 48. Bg7 Kd6 49. Kf2 Nb6 50. c5+ Kxc5 51. Bxe5 Kd5 52. Bc7 Nc4 53.
Kg3 Ne3 54. Bb6 Nf5+ 55. Kf4 Ke6 56. Kg5 Ng3 57. Kh4 Ne2 58. Kxh5 Nf4+ 59. Kg4
Nxg2 60. Bf2 Ke5 61. Kf3 1-0

[Event "4NCL Online Division 2"]
[Site "online"]
[Date "2020.10.06"]
[Round "4.84"]
[White "Hampton, Christopher"]
[Black "Johnson, Paul A"]
[Result "1-0"]
[WhiteElo "1978"]
[BlackElo "1812"]
[PlyCount "89"]
[EventDate "2020.10.06"]
[WhiteTeam "Anglia Avengers 2"]
[BlackTeam "Bradford DCA Knights A"]

1. d4 d5 2. c4 e6 3. Nc3 Nf6 4. cxd5 exd5 5. Bg5 Be7 6. e3 c6 7. Bd3 O-O 8. Nf3
Ne4 9. Bf4 Bf5 10. O-O Nxc3 11. bxc3 Bxd3 12. Qxd3 Nd7 13. Rfe1 Bf6 14. e4 dxe4
15. Qxe4 Re8 16. Qc2 Qa5 17. Rab1 b6 18. Re3 Rxe3 19. fxe3 g6 20. e4 Be7 21.
Rd1 b5 22. c4 bxc4 23. Qxc4 Qb5 24. Rc1 Qxc4 25. Rxc4 Rc8 26. Ne5 Nxe5 27. Bxe5
f6 28. Bg3 Rd8 29. Kf2 Rd7 30. Ke3 Bd6 31. e5 fxe5 32. dxe5 Be7 33. Rxc6 Bg5+
34. Ke4 Kf8 35. e6 Rd8 36. Bd6+ Be7 37. Ke5 Bxd6+ 38. Rxd6 Ke8 39. Rxd8+ Kxd8
40. Kf6 Ke8 41. e7 g5 42. g4 h6 43. h3 a6 44. a3 a5 45. a4 1-0

[Event "4NCL Online Division 2"]
[Site "online"]
[Date "2020.10.06"]
[Round "4.91"]
[White "Hasson, Peter"]
[Black "Rasanen, Otto"]
[Result "1-0"]
[WhiteElo "2072"]
[BlackElo "2035"]
[PlyCount "73"]
[EventDate "2020.10.06"]
[WhiteTeam "CSC 2"]
[BlackTeam "Oxford 2"]

1. c4 e6 2. g3 d5 3. Bg2 Nf6 4. Nf3 dxc4 5. O-O c5 6. Na3 Nc6 7. Nxc4 Be7 8. d3
O-O 9. Bf4 Nd5 10. Nfe5 Nxe5 11. Bxe5 f6 12. Bc3 Nxc3 13. bxc3 e5 14. Ne3 Rb8
15. c4 b6 16. Qa4 a6 17. Rab1 f5 18. Nd5 f4 19. Rb2 f3 20. Bxf3 Rxf3 21. exf3
Bh3 22. Re1 Bd6 23. Rxb6 Rxb6 24. Nxb6 Qxb6 25. Qe8+ Bf8 26. Qxe5 Qd8 27. g4
Qxd3 28. Qe6+ Kh8 29. Qf7 Qd8 30. Qd5 Qxd5 31. cxd5 Kg8 32. Re6 Kf7 33. Rxa6
Ke7 34. Rc6 Kd7 35. a4 Bd6 36. a5 g6 37. Rxd6+ 1-0

[Event "4NCL Online Division 2"]
[Site "online"]
[Date "2020.10.06"]
[Round "4.92"]
[White "Olehnovics, Andrejs"]
[Black "Garwood, Colin"]
[Result "0-1"]
[WhiteElo "2050"]
[BlackElo "2087"]
[PlyCount "88"]
[EventDate "2020.10.06"]
[WhiteTeam "Oxford 2"]
[BlackTeam "CSC 2"]

1. d4 Nf6 2. Nf3 b6 3. g3 Bb7 4. Bg2 c5 5. dxc5 bxc5 6. c4 g6 7. O-O Bg7 8. Re1
O-O 9. e4 Nxe4 10. Ng5 Nd6 11. Bxb7 Nxb7 12. Qd5 Nc6 13. Nc3 e6 14. Qd1 Nd4 15.
Nge4 f5 16. Bg5 Qe8 17. Nd2 Qf7 18. Bf4 d6 19. Nb5 e5 20. Nxd4 cxd4 21. Nf3
exf4 22. Ng5 Qd7 23. Qf3 h6 24. Qd5+ Kh8 25. Ne6 Rfe8 26. b4 fxg3 27. hxg3 Qf7
28. f4 Rac8 29. Rad1 Re7 30. Nxg7 Qxd5 31. cxd5 Rxg7 32. Rxd4 Rgc7 33. Re6 Kg7
34. a4 Kf7 35. a5 Rc2 36. a6 Ra2 37. Rd1 Rxa6 38. Rde1 Rc7 39. g4 fxg4 40. f5
gxf5 41. Rf1 Kg7 42. Rxf5 Ra2 43. Re1 Nd8 44. Re4 h5 0-1

[Event "4NCL Online Division 2"]
[Site "online"]
[Date "2020.10.06"]
[Round "4.93"]
[White "Kallitsis, Nikolaos"]
[Black "Zakarian, Dimitrios Levon"]
[Result "1-0"]
[WhiteElo "2034"]
[BlackElo "1915"]
[PlyCount "42"]
[EventDate "2020.10.06"]
[WhiteTeam "CSC 2"]
[BlackTeam "Oxford 2"]

1. e4 c5 2. Nf3 e6 3. d4 cxd4 4. Nxd4 a6 5. a3 Nf6 6. Nc3 Qc7 7. Be2 b5 8. O-O
Bb7 9. Bf3 b4 10. axb4 Bxb4 11. e5 Ng8 12. Ra4 Bxc3 13. bxc3 Ne7 14. Ba3 Nbc6
15. Bd6 Qc8 16. Qb1 Ra7 17. Qb6 Qa8 18. Rb1 Nc8 19. Qc5 Nxd4 20. Rxd4 Bxf3 21.
Rb8 Qxb8 1-0

[Event "4NCL Online Division 2"]
[Site "online"]
[Date "2020.10.06"]
[Round "4.94"]
[White "Wilson, Edgar"]
[Black "Lawson, Maurice E"]
[Result "1-0"]
[WhiteElo "1952"]
[BlackElo "1983"]
[PlyCount "89"]
[EventDate "2020.10.06"]
[WhiteTeam "Oxford 2"]
[BlackTeam "CSC 2"]

1. e4 c6 2. Nc3 d5 3. Nf3 Bg4 4. h3 Bxf3 5. Qxf3 e6 6. g3 dxe4 7. Nxe4 Nd7 8.
Bg2 Ngf6 9. d4 Nxe4 10. Qxe4 Nf6 11. Qd3 Be7 12. O-O O-O 13. Bd2 Rc8 14. b4 Qd7
15. Rab1 Rfd8 16. c3 a6 17. Rfe1 Rc7 18. a4 Qc8 19. Qe2 Rcd7 20. Bf4 Nd5 21.
Bd2 Bf6 22. b5 axb5 23. axb5 c5 24. dxc5 Bxc3 25. c6 bxc6 26. bxc6 Qxc6 27.
Rec1 Rc7 28. Bxd5 Qxd5 29. Bxc3 Qf5 30. Qe5 Rxc3 31. Qxc3 h5 32. h4 Rd3 33. Qc6
g5 34. Qg2 Rd4 35. Rd1 Re4 36. Re1 Rg4 37. Rb7 gxh4 38. Re3 Rc4 39. gxh4+ Kh7
40. Rg3 Rc1+ 41. Kh2 Qf4 42. Rbb3 Rc2 43. Rbf3 Qe5 44. Rxf7+ Kh6 45. Rfg7 1-0

[Event "4NCL Online Division 2"]
[Site "online"]
[Date "2020.10.06"]
[Round "4.101"]
[White "Clarke, Neil"]
[Black "Villiers, Thomas"]
[Result "1-0"]
[WhiteElo "1952"]
[BlackElo "2252"]
[PlyCount "80"]
[EventDate "2020.10.06"]
[WhiteTeam "Shropshire 2"]
[BlackTeam "Mushrooms 1"]

1. c4 g6 2. Nc3 c5 3. g3 Bg7 4. Bg2 Nc6 5. e4 Nf6 6. Nge2 O-O 7. O-O d6 8. d3
a6 9. h3 Ne8 10. Be3 Nc7 11. d4 cxd4 12. Nxd4 Ne6 13. Nde2 Nc5 14. f4 Bd7 15.
Rb1 b5 16. cxb5 axb5 17. b4 Na4 18. Nxb5 Ne5 19. Nbd4 Nc4 20. Bf2 e5 21. Nc2
Bb5 22. Qd5 Na3 23. Nxa3 Bxe2 24. Rfc1 exf4 25. e5 fxg3 26. Bxg3 Qg5 27. Qb3
Rac8 28. Rxc8 Rxc8 29. e6 Bd4+ 30. Kh2 Be5 31. exf7+ Kg7 32. Bxe5+ Qxe5+ 33.
Qg3 Qxg3+ 34. Kxg3 Rc3+ 35. Kf2 Rxa3 36. Re1 Bc4 37. Re7 Rxa2+ 38. Kg3 Kf8 39.
Ra7 Nb6 40. Rb7 Rxg2+ 1-0

[Event "4NCL Online Division 2"]
[Site "online"]
[Date "2020.10.06"]
[Round "4.102"]
[White "Wilks, Simon"]
[Black "Lewis, Christopher D"]
[Result "1-0"]
[WhiteElo "2207"]
[BlackElo "1922"]
[PlyCount "49"]
[EventDate "2020.10.06"]
[WhiteTeam "Mushrooms 1"]
[BlackTeam "Shropshire 2"]

1. e4 c6 2. d4 d5 3. Nc3 dxe4 4. Nxe4 Bf5 5. Ng3 Bg6 6. h4 h6 7. Nf3 Nd7 8. h5
Bh7 9. Bd3 Bxd3 10. Qxd3 Ngf6 11. Bd2 e6 12. O-O-O Be7 13. Qe2 O-O 14. Nf1 c5
15. g4 Nxg4 16. Rg1 Ndf6 17. Ne5 Nxe5 18. dxe5 Ne8 19. Bxh6 Qa5 20. Bxg7 Qxa2
21. Bf6+ Kh7 22. Qe4+ Kh6 23. Rg6+ Kh7 24. Rg7+ Kh8 25. Qh7# 1-0

[Event "4NCL Online Division 2"]
[Site "online"]
[Date "2020.10.06"]
[Round "4.103"]
[White "Pugh, Glyn D"]
[Black "Scott, David A"]
[Result "1-0"]
[WhiteElo "1900"]
[BlackElo "2057"]
[PlyCount "67"]
[EventDate "2020.10.06"]
[WhiteTeam "Shropshire 2"]
[BlackTeam "Mushrooms 1"]

1. e4 e6 2. d4 d5 3. Nc3 Nf6 4. e5 Nfd7 5. f4 c5 6. Nf3 Nc6 7. Be3 Be7 8. Qd2
O-O 9. dxc5 Qa5 10. Be2 Bxc5 11. O-O Bb4 12. a3 Bxc3 13. bxc3 Nb6 14. Rfb1 Nc4
15. Bxc4 dxc4 16. a4 Rd8 17. Qe1 b6 18. Ng5 Bb7 19. Rb5 Qa6 20. Ne4 Na5 21. Nd6
Bd5 22. f5 Nb7 23. Qg3 Nxd6 24. exd6 f6 25. fxe6 Bxe6 26. Bd4 Rf8 27. Rh5 Qb7
28. Re1 Qd7 29. Rh6 g6 30. Rh4 Rae8 31. Rhe4 Bf5 32. Re7 Qxa4 33. Bxf6 Rd8 34.
Rg7+ 1-0

[Event "4NCL Online Division 2"]
[Site "online"]
[Date "2020.10.06"]
[Round "4.104"]
[White "Wilson, David Jn"]
[Black "Clark, Matthew D H"]
[Result "1-0"]
[WhiteElo "2035"]
[BlackElo "1870"]
[PlyCount "117"]
[EventDate "2020.10.06"]
[WhiteTeam "Mushrooms 1"]
[BlackTeam "Shropshire 2"]

1. e4 c5 2. g3 Nc6 3. Bg2 g6 4. Nc3 Bg7 5. Nf3 e6 6. O-O Nge7 7. Ne2 O-O 8. c3
d5 9. exd5 exd5 10. d4 cxd4 11. Nexd4 Nxd4 12. Nxd4 Nc6 13. Be3 Ne5 14. b3 Bg4
15. Qd2 Rc8 16. Rac1 Qd7 17. Rfe1 Rfe8 18. a4 Bf5 19. Nxf5 Qxf5 20. Bxa7 Nd3
21. Rxe8+ Rxe8 22. Rd1 Ne5 23. Qxd5 Qc2 24. Rf1 Qxc3 25. Qxb7 Nd3 26. Bd5 Qf6
27. a5 Qe7 28. Qxe7 Rxe7 29. Bb6 Nb4 30. Bc4 Bc3 31. Rc1 Bd2 32. Rd1 Bc3 33.
Bc5 Re5 34. Bd4 Bxd4 35. Rxd4 Rxa5 36. Bxf7+ Kxf7 37. Rxb4 Ra1+ 38. Kg2 h5 39.
Rb6 Rb1 40. h4 Rb2 41. Kf3 Kg7 42. Ke3 Kf7 43. f3 Rg2 44. Kf4 Rb2 45. b4 Rb3
46. g4 hxg4 47. fxg4 Rc3 48. Kg5 Rb3 49. Rb7+ Ke6 50. Kxg6 Rf3 51. g5 Rf8 52.
Kg7 Rf4 53. h5 Rf5 54. Kg6 Rf8 55. h6 Rg8+ 56. Kh5 Kf5 57. g6 Rxg6 58. Rb5+ Kf6
59. Rb6+ 1-0

[Event "4NCL Online Division 2"]
[Site "online"]
[Date "2020.10.06"]
[Round "4.111"]
[White "Chesters, Tim"]
[Black "Sedykh, Mikhail"]
[Result "1/2-1/2"]
[WhiteElo "2222"]
[BlackElo "2192"]
[PlyCount "129"]
[EventDate "2020.10.06"]
[WhiteTeam "Hull & Beverley Romans 1"]
[BlackTeam "Catford Cosmonauts 1"]

1. e4 e5 2. Nf3 Nf6 3. Nc3 Nc6 4. Bb5 Nd4 5. O-O Nxb5 6. Nxb5 c6 7. Nc3 d6 8.
d4 Qc7 9. Bg5 Be7 10. a4 Bg4 11. Bxf6 Bxf6 12. d5 O-O 13. h3 Bd7 14. Qd3 Be7
15. a5 f5 16. Nd2 c5 17. a6 fxe4 18. Ndxe4 c4 19. Qe2 b5 20. Na2 Rf4 21. Nb4
Raf8 22. Ra3 Qb8 23. b3 Bd8 24. bxc4 bxc4 25. c3 Bb6 26. Kh2 Bf5 27. Ng3 Bd3
28. Nxd3 cxd3 29. Qxd3 Bxf2 30. Rb1 Bxg3+ 31. Kxg3 Qd8 32. Kh2 Qf6 33. Rab3 e4
34. Qg3 h5 35. Rb8 Rxb8 36. Rxb8+ Kh7 37. Re8 h4 38. Qe3 Qf5 39. Qxa7 Qg6 40.
Qe3 Qxe8 41. Qxf4 e3 42. Qxh4+ Kg6 43. a7 e2 44. Qg4+ Kf6 45. Qf4+ Kg6 46. Qg3+
Kh7 47. Qe1 g6 48. c4 Qe5+ 49. Kh1 Qe8 50. a8=Q Qxa8 51. Qxe2 Qa1+ 52. Kh2 Qf6
53. Qe4 Kh6 54. h4 Kg7 55. Kh3 Qc3+ 56. g3 Qf6 57. Qf4 Qe7 58. g4 Kh7 59. h5
gxh5 60. gxh5 Qd7+ 61. Qg4 Qd8 62. Qg6+ Kh8 63. h6 Qh4+ 64. Kg2 Qf2+ 65. Kxf2
1/2-1/2

[Event "4NCL Online Division 2"]
[Site "online"]
[Date "2020.10.06"]
[Round "4.112"]
[White "Orlovska, Madara"]
[Black "Vleeshhouwer, Douglas"]
[Result "1-0"]
[WhiteElo "2125"]
[BlackElo "2065"]
[PlyCount "59"]
[EventDate "2020.10.06"]
[WhiteTeam "Catford Cosmonauts 1"]
[BlackTeam "Hull & Beverley Romans 1"]

1. d4 d5 2. Nc3 Nf6 3. Bf4 c5 4. e3 cxd4 5. exd4 a6 6. Qd2 Bf5 7. f3 e6 8. g4
Bg6 9. h4 h5 10. g5 Ng8 11. Bd3 Bxd3 12. Qxd3 Bd6 13. Nge2 g6 14. Qe3 Qc7 15.
Nxd5 Qa5+ 16. Ndc3 Bxf4 17. Nxf4 Nd7 18. d5 e5 19. Nd3 f6 20. O-O-O Kf7 21.
gxf6 Re8 22. f4 exf4 23. Qxf4 Ngxf6 24. Rhf1 Kg7 25. Qg5 Rhg8 26. Nf4 Kh7 27.
Ne6 Qb4 28. Rxf6 Nxf6 29. Qxf6 Qe7 30. Ne4 1-0

[Event "4NCL Online Division 2"]
[Site "online"]
[Date "2020.10.06"]
[Round "4.113"]
[White "Hodge, Steve R"]
[Black "Robertson, Mark M"]
[Result "0-1"]
[WhiteElo "1997"]
[BlackElo "2087"]
[PlyCount "42"]
[EventDate "2020.10.06"]
[WhiteTeam "Hull & Beverley Romans 1"]
[BlackTeam "Catford Cosmonauts 1"]

1. e4 d6 2. d4 Nf6 3. Nc3 g6 4. Be3 a6 5. h3 b5 6. e5 Nfd7 7. Qf3 Nb6 8. a4
bxa4 9. Nxa4 N8d7 10. Nxb6 Nxb6 11. c4 Rb8 12. exd6 cxd6 13. c5 dxc5 14. dxc5
Nd7 15. Bxa6 Bxa6 16. Rxa6 Bg7 17. Ne2 Ne5 18. Qe4 Nd3+ 19. Kf1 O-O 20. Rb6
Nxc5 21. Rxb8 Qd1# 0-1

[Event "4NCL Online Division 2"]
[Site "online"]
[Date "2020.10.06"]
[Round "4.114"]
[White "Roberts, Mike"]
[Black "Crow, Stephen"]
[Result "1-0"]
[WhiteElo "2042"]
[BlackElo "1802"]
[PlyCount "61"]
[EventDate "2020.10.06"]
[WhiteTeam "Catford Cosmonauts 1"]
[BlackTeam "Hull & Beverley Romans 1"]

1. e4 e6 2. d4 d5 3. Nd2 Nc6 4. Ngf3 Nf6 5. e5 Nd7 6. Bd3 Nb4 7. Be2 c5 8. c3
Nc6 9. O-O Qb6 10. Nb3 c4 11. Nbd2 Be7 12. b3 cxb3 13. axb3 f6 14. exf6 Bxf6
15. Re1 O-O 16. Nf1 Qd8 17. Ne3 Re8 18. Bd3 Nf8 19. Ng4 e5 20. Ngxe5 Qc7 21.
Bf4 Bg4 22. Qd2 Bxf3 23. Nxf3 Qd7 24. Ne5 Bxe5 25. dxe5 Ne6 26. Bg3 a6 27. f4
Nc5 28. Bc2 d4 29. Rad1 Rad8 30. b4 d3 31. bxc5 1-0

[Event "4NCL Online Division 2"]
[Site "online"]
[Date "2020.10.06"]
[Round "4.121"]
[White "Gao, Ian"]
[Black "Madden, Paul"]
[Result "1-0"]
[WhiteElo "1960"]
[BlackElo "2087"]
[PlyCount "109"]
[EventDate "2020.10.06"]
[WhiteTeam "The Rook1Es"]
[BlackTeam "Ashfield Anonymous A"]

1. Nf3 Nf6 2. g3 c5 3. Bg2 Nc6 4. O-O e5 5. e4 d6 6. d3 Be7 7. c4 Be6 8. Nc3
Qd7 9. Nd5 Bg4 10. h3 Bxf3 11. Bxf3 Nd4 12. Bg2 Nxd5 13. cxd5 h5 14. f4 h4 15.
g4 exf4 16. Bxf4 Bf6 17. g5 Be5 18. Bxe5 dxe5 19. Rc1 b6 20. Qd2 Rh5 21. Bf3
Nxf3+ 22. Rxf3 Qe7 23. Rf5 Rd8 24. Rcf1 Rd6 25. Kh2 f6 26. Qe2 Rxg5 27. Rxg5
fxg5 28. Qh5+ g6 29. Qh8+ Kd7 30. Rf8 Kc7 31. Ra8 Rd8 32. Rxa7+ Kd6 33. Rxe7
Rxh8 34. Re6+ Kc7 35. Rxg6 Ra8 36. a3 Ra4 37. Rxg5 Rd4 38. Rg4 Ra4 39. Rxh4 Rd4
40. Rh7+ Kd6 41. Rh6+ Kc7 42. Rc6+ Kb7 43. h4 Rxd3 44. h5 Re3 45. h6 Rxe4 46.
Kg3 Re1 47. Rf6 Rh1 48. Rf7+ Ka6 49. h7 Kb5 50. b3 e4 51. Kf4 c4 52. bxc4+ Kxc4
53. d6 Rf1+ 54. Kxe4 Rxf7 55. h8=Q 1-0

[Event "4NCL Online Division 2"]
[Site "online"]
[Date "2020.10.06"]
[Round "4.122"]
[White "Garnett, John S"]
[Black "Saunders, Aron"]
[Result "0-1"]
[WhiteElo "1960"]
[BlackElo "1907"]
[PlyCount "120"]
[EventDate "2020.10.06"]
[WhiteTeam "Ashfield Anonymous A"]
[BlackTeam "The Rook1Es"]

1. d4 Nf6 2. Bg5 g6 3. Bxf6 exf6 4. e3 Bg7 5. g3 O-O 6. Bg2 d5 7. Ne2 Bg4 8. c4
Nd7 9. cxd5 Nb6 10. Nbc3 Qd7 11. O-O Nc4 12. Qc2 Bh3 13. Nf4 Bxg2 14. Kxg2 Rfe8
15. b3 Nd6 16. Rac1 Rac8 17. Qd3 f5 18. Rfd1 a6 19. h3 Bf6 20. Rc2 h5 21. Qe2
h4 22. g4 fxg4 23. Qxg4 Qxg4+ 24. hxg4 Kg7 25. Re2 Be7 26. e4 g5 27. Nh5+ Kg6
28. f4 f6 29. e5 f5 30. exd6 Bxd6 31. Re6+ Rxe6 32. dxe6 fxg4 33. f5+ Kxf5 34.
Rf1+ Kxe6 35. Ng7+ Kd7 36. Rf7+ Kc6 37. Ne4 h3+ 38. Kh1 Kd5 39. Nxd6 cxd6 40.
Rf5+ Ke4 41. Rxg5 Rc1+ 42. Kh2 Rc2+ 43. Kh1 Kf4 44. Rf5+ Kg3 45. Rf1 h2 46.
Nh5+ Kh4 47. Nf4 g3 48. Ng2+ Kh3 49. Nf4+ Kg4 50. Ng2 Rf2 51. Re1 Rxa2 52. Re4+
Kf3 53. Rf4+ Ke2 54. Re4+ Kf3 55. Rf4+ Ke2 56. Re4+ Kf1 57. Rf4+ Rf2 58. Rxf2+
gxf2 59. Kxh2 Ke2 60. Nf4+ Kf3 0-1

[Event "4NCL Online Division 2"]
[Site "online"]
[Date "2020.10.06"]
[Round "4.123"]
[White "Goodhew, Finn"]
[Black "Truman, Richard G"]
[Result "1-0"]
[WhiteElo "1585"]
[BlackElo "2035"]
[PlyCount "115"]
[EventDate "2020.10.06"]
[WhiteTeam "The Rook1Es"]
[BlackTeam "Ashfield Anonymous A"]

1. d4 Nf6 2. c4 g6 3. Nc3 d5 4. cxd5 Nxd5 5. e4 Nxc3 6. bxc3 Bg7 7. Bc4 O-O 8.
Ne2 c5 9. Be3 Nc6 10. O-O Bg4 11. f3 Bd7 12. Rb1 Qc7 13. Qd2 Rfd8 14. Bh6 Bh8
15. e5 Bf5 16. Rbc1 Bxe5 17. g4 Bc8 18. f4 Bf6 19. f5 b5 20. Bxb5 Qb6 21. Bxc6
Qxc6 22. g5 Bb7 23. Ng3 Be5 24. fxg6 Bxg3 25. gxf7+ Kh8 26. hxg3 Qh1+ 27. Kf2
Qf3+ 28. Ke1 Qxg3+ 29. Qf2 Qxf2+ 30. Rxf2 Rf8 31. Bxf8 Rxf8 32. Kd2 Kg7 33. Re1
Rxf7 34. Rxf7+ Kxf7 35. Re5 cxd4 36. cxd4 e6 37. Rc5 Bd5 38. Rc7+ Kg6 39. Rxa7
Kxg5 40. a4 h5 41. Ke2 h4 42. Kf2 Kf5 43. Rh7 Kg4 44. a5 Bc4 45. Kg2 Kg5 46.
Rc7 Bd3 47. Rc3 Be4+ 48. Kh2 Kg4 49. a6 Kf4 50. a7 Bd5 51. Kh3 Ke4 52. Ra3 Kxd4
53. a8=Q Bxa8 54. Rxa8 e5 55. Kxh4 Ke3 56. Kg3 e4 57. Ra3+ Kd2 58. Kf2 1-0

[Event "4NCL Online Division 2"]
[Site "online"]
[Date "2020.10.06"]
[Round "4.131"]
[White "Jugand, Jean-Baptiste"]
[Black "Twine, David"]
[Result "1-0"]
[WhiteElo "2057"]
[BlackElo "2050"]
[PlyCount "75"]
[EventDate "2020.10.06"]
[WhiteTeam "Kent KJCA Kestrels B"]
[BlackTeam "Plymouth 1"]

1. e4 d6 2. d4 Nf6 3. Bd3 g6 4. f4 Bg7 5. Nf3 c5 6. c3 O-O 7. O-O Bg4 8. Be3
Nbd7 9. Nbd2 Qc7 10. Rc1 e5 11. fxe5 dxe5 12. d5 c4 13. Bb1 Nc5 14. h3 Bxf3 15.
Rxf3 b5 16. Qf1 Ne8 17. h4 a5 18. h5 Nd6 19. Qf2 Nd7 20. Rf1 b4 21. Rh3 Rab8
22. Qh4 Qd8 23. Bg5 f6 24. hxg6 hxg6 25. Qh7+ Kf7 26. Bh6 Rg8 27. Nf3 Qe8 28.
Rg3 Ke7 29. Bxg7 Qf7 30. Rxg6 Ne8 31. Bxf6+ Nexf6 32. d6+ Ke8 33. Rxg8+ Nxg8
34. Qxf7+ Kxf7 35. Nxe5+ Ke6 36. Nxc4 bxc3 37. bxc3 Ngf6 38. e5 1-0

[Event "4NCL Online Division 2"]
[Site "online"]
[Date "2020.10.06"]
[Round "4.132"]
[White "Butland, Nick J"]
[Black "Ball, Laurence"]
[Result "1/2-1/2"]
[WhiteElo "1952"]
[BlackElo "2090"]
[PlyCount "79"]
[EventDate "2020.10.06"]
[WhiteTeam "Plymouth 1"]
[BlackTeam "Kent KJCA Kestrels B"]

1. Nf3 d6 2. d4 f5 3. g3 Nf6 4. Bg2 g6 5. O-O Bg7 6. c4 O-O 7. Nc3 Nc6 8. Qc2
e5 9. dxe5 dxe5 10. Be3 e4 11. Rad1 Bd7 12. Nd4 Ng4 13. Ne6 Nxe3 14. fxe3 Bxe6
15. Rxd8 Raxd8 16. b3 Ne5 17. h3 c6 18. Rd1 Bf6 19. Rxd8 Rxd8 20. Nb1 b5 21.
Nd2 a5 22. g4 bxc4 23. Nxc4 Nxc4 24. bxc4 c5 25. Qa4 Kf7 26. Qxa5 Rd1+ 27. Bf1
fxg4 28. hxg4 Bxg4 29. Qc7+ Kg8 30. Kg2 h5 31. Qxc5 h4 32. Qc6 h3+ 33. Kg3 Rxf1
34. Kxg4 h2 35. Qe8+ Kh7 36. Qf7+ Kh6 37. Qf8+ Kh7 38. Qf7+ Kh8 39. Qf8+ Kh7
40. Qf7+ 1/2-1/2